"जननी माता ,कन्या,मातृत्व." (Record no. 1332159)

MARC details
000 -LEADER
fixed length control field 00847nam a2200181Ia 4500
008 - FIXED-LENGTH DATA ELEMENTS--GENERAL INFORMATION
fixed length control field 151202s9999||||xx |||||||||||||| ||und||
082 ## - DEWEY DECIMAL CLASSIFICATION NUMBER
Item number PNVM-65627
100 ## - MAIN ENTRY--PERSONAL NAME
Personal name भट्टाचार्य रिंकी /अनु./नरवणे सुधा.
245 ## - TITLE STATEMENT
Title "जननी माता ,कन्या,मातृत्व."
260 ## - PUBLICATION, DISTRIBUTION, ETC. (IMPRINT)
Name of publisher, distributor, etc "डायमंड पब्लिकेशन,पुणे."
260 ## - PUBLICATION, DISTRIBUTION, ETC. (IMPRINT)
Date of publication, distribution, etc 2008
300 ## - PHYSICAL DESCRIPTION
Extent 176
600 ## - SUBJECT ADDED ENTRY--PERSONAL NAME
Personal name भट्टाचार्य रिंकी /अनु./नरवणे सुधा.
630 ## - SUBJECT ADDED ENTRY--UNIFORM TITLE
Uniform title "जननी माता ,कन्या,मातृत्व."
700 ## - ADDED ENTRY--PERSONAL NAME
Personal name भट्टाचार्य रिंकी /अनु./नरवणे सुधा.
730 ## - ADDED ENTRY--UNIFORM TITLE
Uniform title "जननी माता ,कन्या,मातृत्व."
942 ## - ADDED ENTRY ELEMENTS (KOHA)
Koha item type Book
Holdings
Withdrawn status Lost status Damaged status Not for loan Home library Current library Date acquired Cost, normal purchase price Total Checkouts Full call number Barcode Date last seen Cost, replacement price Price effective from Koha item type
        Pune Nagar Vachan Mandir, Pune Pune Nagar Vachan Mandir, Pune 06/27/2015 0.00   PNVM-65627 PNVM-65627 12/02/2015 0.00 12/02/2015 Book